| 000 | 00766nam2a22002531 4500 | ||
|---|---|---|---|
| 001 | rc\4098427 | ||
| 005 | 20130415163433.2 | ||
| 035 | _a(NLR Aleph) 007973675 | ||
| 090 |
_a8475587 _c8475587 |
||
| 100 | _a20130415d1954 |||y0rusy50 ca | ||
| 101 | 0 | _arus | |
| 102 | _aRU | ||
| 105 | _ay z ||||| | ||
| 200 | 1 | _aВыплавка стали в конвертере бокового дутья | |
| 210 | _d1954 | ||
| 225 | 1 |
_a... _v№ К-54-149 |
|
| 461 | 0 |
_1001rc\4098387 _12001#$aПериодическая информация$eТема №-$vТема № 3 [10] |
|
| 700 | 1 |
_aКрянин _bИ. Р. |
|
| 701 | 1 |
_aИванов _bВ. Г. |
|
| 801 | 0 |
_aRU _bNLR _gpsbo |
|
| 801 | 1 |
_aRU _bELAR _2rusmarc |
|
| 852 |
_aNLR _jТ10 Г-8/85-3-9 |
||
| 942 | _cBOOK | ||
| 980 | _aNB | ||